| 000 | 00363nam a22001457a 4500 | ||
|---|---|---|---|
| 020 | _a81-8204-041-8 | ||
| 082 |
_a651.3 _bSIN |
||
| 100 | _aSINGH, D.K | ||
| 245 | _aECONOMICS OF HOTEL & HOSPITALITY MANAGEMENT | ||
| 260 |
_aDELHI _bAMAN PUBLISHER _c2007 |
||
| 300 | _a395 | ||
| 650 | _aHOSPITALITY MANAGEMENT | ||
| 653 | _aECONOMICS, HOSPITALITY | ||
| 942 |
_2ddc _cBK |
||
| 999 |
_c8081 _d8081 |
||